| 000 | 00714 a2200181 4500 | ||
|---|---|---|---|
| 999 |
_c5953 _d5953 |
||
| 020 | _a9789251092569 | ||
| 050 | _aQL60.4 FAO 2016 | ||
| 100 |
_aFood and Agriculture Organization of the United Nations. _eauthor |
||
| 245 |
_aDevelopment of integrated multipurpose animal recording systems / _cFood and Agriculture Organization of the United Nations. |
||
| 264 |
_aRome : _bFood and Agriculture Organization of the United Nations, _c2016. |
||
| 300 |
_a167p. : _bill. |
||
| 440 | _aFAO animal production and health guidelines, 19. | ||
| 500 | _aIncludes bibliographical references | ||
| 650 |
_aAnimals _xIdentification |
||
| 650 | _aAnimal radio tracking. | ||
| 650 | _aAnimal | ||
| 942 |
_2lcc _cBK _h60.4 _iFAO _kQL |
||